Thông gió tự nhiên trong nhà ở
Nội dung sách bao gồm các chương sau: Chuyển đổng của dòng khí; những ảnh hưởng của chuyển động khí; các phương pháp nghiên cứu dòng khí khí chuyển động; dữ liệu khí hậu; chuyển động không khí trung khí hậu; chuyển động không khí tiểu...
Đã lưu trong:
| Príomhúdar: | |
|---|---|
| Formáid: | Leabhar |
| Teanga: | Undetermined |
| Foilsithe: |
Hà Nội
Văn hóa Thông tin
2006
|
| Ábhair: | |
| Clibeanna: |
Cuir Clib Leis
Gan Chlibeanna, Bí ar an gcéad duine leis an taifead seo a chlibeáil!
|
| Thư viện lưu trữ: | Trung tâm Học liệu Trường Đại học Cần Thơ |
|---|
| LEADER | 01191nam a2200217Ia 4500 | ||
|---|---|---|---|
| 001 | CTU_118455 | ||
| 008 | 210402s9999 xx 000 0 und d | ||
| 020 | |c 50000 | ||
| 082 | |a 621.56 | ||
| 082 | |b B778 | ||
| 100 | |a Boutet, Terry S. | ||
| 245 | 0 | |a Thông gió tự nhiên trong nhà ở | |
| 245 | 0 | |c Terry S. Boutet ; Hà Nhật Tân (dịch) | |
| 260 | |a Hà Nội | ||
| 260 | |b Văn hóa Thông tin | ||
| 260 | |c 2006 | ||
| 520 | |a Nội dung sách bao gồm các chương sau: Chuyển đổng của dòng khí; những ảnh hưởng của chuyển động khí; các phương pháp nghiên cứu dòng khí khí chuyển động; dữ liệu khí hậu; chuyển động không khí trung khí hậu; chuyển động không khí tiểu khí hậu; các kỹ thuật thông gió thích hợp; kỹ thuật kiểm soát chuyển động không khí. | ||
| 650 | |a Air,Air conditioning,Environmental engineering,Environmental protection,Pollution | ||
| 650 | |x Pollution,Environmental aspects | ||
| 904 | |i Hiếu | ||
| 980 | |a Trung tâm Học liệu Trường Đại học Cần Thơ | ||